00397cam a2200169ua 45000010005000000080039000050200018000440400009000620410008000710820008000791000025000872450041001122500009001532600027001623000010001896530028001998301150128n ii |||gr||||Z||||||asm a9789382030065 cMAIN aasm a327 aGohain, N.,eAuthor.1 aAntarjatik samparkacBy Nabin Gohain a2nd. aJorhat:bUnika,c2013. a519p. aInternational relations